Devine le joueur Rugby n°1 - Statistiques

Statistiques générales
  • Ce quiz a été pris 130 fois
  • Le résultat moyen est 6 sur 15
Statistiques - réponses
Poste Nationalité Club Joueur % Correct
Demi de mêlée Stade toulousain
Sharks
Natal Sharks
Stade toulousain
Sharks
Natal Sharks
RC Toulon
Lyon OU
Frédéric Michalak
73%
Deuxième ligne Llanelli RFC
FC Grenoble
ASM Clermont
US Oyonnax
Jamie Cudmore
65%
Talonneur AS Béziers
Stade français
Racing 92
Dimitri Szarzewski
57%
Troisième ligne Saracens
London Irish
RC Toulon
Section paloise
Biarritz olympique
Stade niçois
Steffon Armitage
55%
Troisième ligne Stade français
Stade aurillacois
CA Brive
Saïd Hireche
48%
Centre Llanelli RFC Llanelli Scarlets ASM Clermont Scarlets Jonathan Davies
46%
Deuxième ligne US Colomiers
Section paloise
Stade toulousain
Racing 92
Patricio Albacete
41%
Demi d'ouverture North Harbour
Blues
Sale Sharks
North Harbour
Blues
Stade toulousain
RC Toulon
ASM Clermont
Shimizu Blue Sharks
Luke McAlister
38%
Pilier Free State Cheetahs Cats Bulls Blue Bulls Stade toulousain Stade français Paris Gurthrö Steenkamp
29%
Troisième ligne Lions
Golden Lions
Castres olympique
CA Brive
ASM Clermont
RC Toulon
Gerhard Vosloo
26%
Ailier Stade montois
Stade toulousain
Stade montois
AS Bédarrides Châteauneuf
CA Saint-Raphaël Fréjus
Timoci Matanavou
26%
Centre ASM Clermont Aurélien Rougerie
20%
Pilier Canterbury
Crusaders
Northampton Saints
Hurricanes
Canterbury
Stade toulousain
Crusaders
Owen Franks
19%
Ailier Northland
Blues
Agen
Toulouse
Northland
Agen
Kandy SC
Rupeni Caucaunibuca
12%
Arrière Taranaki Hurricanes Blues Suntory Sungoliath Blues Beauden Barrett
10%
Aucun quiz correspondant
Distribution des résultats
% des personnes avec chaque résultat
Percentile par nombre de réponses
Votre historique - résultats
Vous n’avez pas pris ce quiz